মাসিক বিজ্ঞান সাময়িকীর ৪০ বছর : (Record no. 47474)
[ view plain ]
| 000 -LEADER | |
|---|---|
| fixed length control field | 00945nam a2200229 a 4500 |
| 001 - CONTROL NUMBER | |
| control field | 47474 |
| 003 - CONTROL NUMBER IDENTIFIER | |
| rucl marc code | BD-RjUL |
| 005 - DATE AND TIME OF LATEST TRANSACTION | |
| control field | 20211209054325.0 |
| 008 - FIXED-LENGTH DATA ELEMENTS--GENERAL INFORMATION | |
| fixed length control field | 160808s2000 bg a|||| |||| 00| 0 ben d |
| 020 ## - INTERNATIONAL STANDARD BOOK NUMBER | |
| International Standard Book Number | 9844102030 |
| Terms of availability | : Tk. 300.00 |
| 035 ## - SYSTEM CONTROL NUMBER | |
| System control number | (BD-RjUL)47593 |
| 040 ## - CATALOGING SOURCE | |
| Original cataloging agency | BD-RjUL |
| Language of cataloging | eng |
| Transcribing agency | BD-RjUL |
| 041 ## - LANGUAGE CODE | |
| Language code of text/sound track or separate title | eng |
| 082 ## - DEWEY DECIMAL CLASSIFICATION NUMBER | |
| Classification number | 500 |
| Author mark and year | MAS 2000 |
| 245 00 - TITLE STATEMENT | |
| Title | মাসিক বিজ্ঞান সাময়িকীর ৪০ বছর : |
| Remainder of title | নির্বাচিত রচনার সংকলন / |
| Statement of responsibility, etc. | সম্পাদনা মুহাম্মদ ইব্রাহীম |
| 260 ## - PUBLICATION, DISTRIBUTION, ETC. (IMPRINT) | |
| Place of publication, distribution, etc. | ঢাকা : |
| Name of publisher, distributor, etc. | মাওলা ব্রাদার্স, |
| Date of publication, distribution, etc. | ২০০০ |
| 300 ## - PHYSICAL DESCRIPTION | |
| Pagination | ২৮৫ পৃ. : |
| Illustrations | চিত্র ; |
| Accompanying material | ২৪ সেমি. |
| 650 ## - SUBJECT ADDED ENTRY--TOPICAL TERM | |
| Topical term or geographic name as entry element | বিজ্ঞান |
| 9 (RLIN) | 144358 |
| Topical term or geographic name as entry element | Science |
| 9 (RLIN) | 144360 |
| 700 ## - ADDED ENTRY--PERSONAL NAME | |
| Personal name | ইব্রাহীম, মুহাম্মদ, সম্পাদক |
| 942 ## - ADDED ENTRY ELEMENTS (KOHA) | |
| Source of classification or shelving scheme | Dewey Decimal Classification |
| Koha item type | Books |
| Lost status | Source of classification or shelving scheme | Damaged status | Not for loan | Collection code | Permanent Location | Current Location | Shelving location | Date acquired | Source of acquisition | Cost, normal purchase price | Total Checkouts | Full call number | Date last seen | Copy number | Koha item type |
|---|---|---|---|---|---|---|---|---|---|---|---|---|---|---|---|
| Dewey Decimal Classification | Non-fiction | Central Library, University of Rajshahi | Central Library, University of Rajshahi | 03/02/2011 | Protiva Songbad Potra Cmmision, | 300.00 | B 500 MAS 2000 | 08/08/2016 | C-2 | Books | |||||
| Dewey Decimal Classification | Not For Loan | Non-fiction | Central Library, University of Rajshahi | Central Library, University of Rajshahi | Reading Room | 03/02/2011 | Ureka Book Akademi, Rajshahi | 300.00 | B 500 MAS 2000 | 03/12/2016 | C-1 | Books | |||
| Dewey Decimal Classification | Non-fiction | Central Library, University of Rajshahi | Central Library, University of Rajshahi | 03/02/2011 | Protiva Songbadpotro Commission. | 300.00 | B 500 MAS 2000 | 19/04/2017 | C-3 | Books |